| 000 | 00407 a2200109 4500 | ||
|---|---|---|---|
| 001 | ART_39673 | ||
| 005 | 20260410162012.0 | ||
| 008 | 260409a | ||
| 245 | 1 | 0 | _aA modo de presentación del trabajo monográfico "El mercader de Venecia" |
| 100 | 1 | _aTaraborelli, José Nicolás | |
| 773 | 0 |
_tPropuestas para la sociedad, el gobierno y la producción _g- Año 9, Nº 13 (mayo 2006) _wREV39547 |
|
| 999 |
_c32301 _d32301 |
||